000 00667nam a2200253Ia 4500
003 OSt
005 20220924131951.0
006 a|||||r|||| 00| 0
007 ta
008 220923b |||||||| |||| 00| 0 tel d
020 _cRs.25
024 _a344685
037 _cTextual
040 _aARTS
_cARTS
_btel
041 _2tel
_atel
082 _aO35,3NRAJ1,1, M9
100 _aRaja Au.
_9203405
245 0 _aMrutyu Garbham
260 _aVijayawada
_bSri Padmalaya Publications India
_c1989
300 _a280p.
_ccm.
650 _aTELUGU LITERATURE
942 _hO35,3NRAJ1,1, M9
_cTEXL
_2CC
999 _c428804
_d428804